First science experiments: (Record no. 141540)
[ view plain ]
| 000 -LEADER | |
|---|---|
| fixed length control field | 00775nam a22002177a 4500 |
| 010 ## - LCCN (DPL NO) | |
| LC control number | 1718CH-EN |
| 020 ## - INTERNATIONAL STANDARD BOOK NUMBER | |
| International Standard Book Number | 9780806972473 |
| Terms of availability | 250.00 |
| 035 ## - SYSTEM CONTROL NUMBER | |
| System control number | B-673531-541 |
| 037 ## - SOURCE OF ACQUISITION | |
| Stock number | DPL |
| Source of stock number/acquisition | BSB |
| 082 ## - DEWEY DECIMAL CLASSIFICATION NUMBER | |
| Classification number | S |
| 100 ## - MAIN ENTRY--PERSONAL NAME | |
| Personal name | Levine, Shar |
| 245 ## - TITLE STATEMENT | |
| Title | First science experiments: |
| Remainder of title | super senses / |
| Statement of responsibility, etc | by Shar Levine [and] Leslie Johnstone; illustrated by Steve Harpster |
| 260 ## - PUBLICATION, DISTRIBUTION, ETC. (IMPRINT) | |
| Place of publication, distribution, etc | New York |
| Name of publisher, distributor, etc | Sterling Pub. |
| 270 ## - ADDRESS | |
| Address | 387, Park Avenue South, |
| City | New York |
| Postal code | 10016 |
| 300 ## - PHYSICAL DESCRIPTION | |
| Extent | 48p. |
| Dimensions | 20cm(Hb) |
| 500 ## - GENERAL NOTE | |
| General note | Includes index |
| 700 ## - ADDED ENTRY--PERSONAL NAME | |
| Personal name | Johnstone, Leslie |
| 700 ## - ADDED ENTRY--PERSONAL NAME | |
| Personal name | Harpster, Steve |
| 942 ## - ADDED ENTRY ELEMENTS (KOHA) | |
| Source of classification or shelving scheme | Dewey Decimal Classification |
| Item type | Children Books |
| Call number suffix | LEV |
| Classification part | S |
| Withdrawn status | Lost status | Not for loan | Collection code | Home library | Current library | Date acquired | Source of acquisition | Cost, normal purchase price | Full call number | Barcode | Copy number | Cost, replacement price | Koha item type |
|---|---|---|---|---|---|---|---|---|---|---|---|---|---|
| Fiction | Bagh Kadhe Khan | Bagh Kadhe Khan | 25/10/2017 | BSB/64/22.7.2017/CH-EN/69/14.7.2017/24.7.2017 | 250.00 | S LEV | B-673535 | 1 | 250.00 | Children Books | |||
| Fiction | Bawana | Bawana | 25/10/2017 | BSB/64/22.7.2017/CH-EN/69/14.7.2017/24.7.2017 | 250.00 | S LEV | B-673537 | 1 | 250.00 | Children Books | |||
| Fiction | Central Library | Central Library | 25/10/2017 | BSB/64/22.7.2017/CH-EN/69/14.7.2017/24.7.2017 | 250.00 | S LEV | B-673532 | 1 | 250.00 | Children Books | |||
| Fiction | Katevara | Katevara | 25/10/2017 | BSB/64/22.7.2017/CH-EN/69/14.7.2017/24.7.2017 | 250.00 | S LEV | B-673538 | 1 | 250.00 | Children Books | |||
| Fiction | Narela | Narela | 25/10/2017 | BSB/64/22.7.2017/CH-EN/69/14.7.2017/24.7.2017 | 250.00 | S LEV | B-673536 | 1 | 250.00 | Children Books | |||
| Fiction | New Police Line | New Police Line | 25/10/2017 | BSB/64/22.7.2017/CH-EN/69/14.7.2017/24.7.2017 | 250.00 | S LEV | B-673531 | 1 | 250.00 | Children Books | |||
| Fiction | New Rohtak Road | New Rohtak Road | 25/10/2017 | BSB/64/22.7.2017/CH-EN/69/14.7.2017/24.7.2017 | 250.00 | S LEV | B-673534 | 1 | 250.00 | Children Books | |||
| Fiction | R.C.Libraries (BL-III) | R.C.Libraries (BL-III) | 25/10/2017 | BSB/64/22.7.2017/CH-EN/69/14.7.2017/24.7.2017 | 250.00 | S LEV | B-673539 | 3 | 250.00 | Children Books | |||
| Fiction | R.C.Libraries (BL-III) | R.C.Libraries (BL-III) | 25/10/2017 | BSB/64/22.7.2017/CH-EN/69/14.7.2017/24.7.2017 | 250.00 | S LEV | B-673540 | 3 | 250.00 | Children Books | |||
| Fiction | R.C.Libraries (BL-III) | R.C.Libraries (BL-III) | 25/10/2017 | BSB/64/22.7.2017/CH-EN/69/14.7.2017/24.7.2017 | 250.00 | S LEV | B-673541 | 3 | 250.00 | Children Books | |||
| Fiction | Sarojini Nagar | Sarojini Nagar | 25/10/2017 | BSB/64/22.7.2017/CH-EN/69/14.7.2017/24.7.2017 | 250.00 | S LEV | B-673533 | 1 | 250.00 | Children Books |
